Combined Country Flags - Statistics

General Stats
  • This quiz has been taken 1,215 times
    35 since last reset
  • The average score is 29 of 32
Answer Stats
Picture Answer % Correct
China
100%
Saudi Arabia
100%
Bahrain
97%
Cyprus
97%
Egypt
97%
Iceland
97%
India
97%
Kosovo
97%
Vietnam
97%
Morocco
93%
Niger
93%
United Arab Emirates
93%
Zambia
93%
El Salvador
90%
Kuwait
90%
Malaysia
90%
Nicaragua
90%
Sudan
90%
United States
90%
Algeria
87%
Cape Verde
87%
Haiti
87%
Iran
87%
Ireland
87%
Syria
87%
Tanzania
87%
Ivory Coast
83%
Mauritania
83%
Pakistan
83%
Philippines
83%
Namibia
77%
St. Kitts and Nevis
70%
No matching quizzes found
Score Distribution
Percent of People with Each Score
Percentile by Number Answered
Your Score History
You have not taken this quiz since the last reset